LEADER 01559nam a2200229 4500 001 000000339271 003 CaOOAMICUS 005 20200206144818.0 008 200206s1735 fr a 000 u lat r 026 $aoda- m;e- tii- vico (3) 1735 (R) 040 $aSeMil$bita 245 00$aPars prima qua continentur Rerum Aegyptiarum libri quatuor opus postumum nunc primum ex auctoris autographo, diligentissime recognito, editum; atque ex eodem Tabellis Aeneis 25. illustratum & uberrimo indice auctum. 264 1$aLugduni Batavorum :$bApud Gerardum Potvliet,$c1735. 300 $a[18], 248, [12] p., XXV carte di tav. ;$c4° 500 $aSegn.: ?1 *-2*? A-2I? 2KČ 700 11$aAlpino, Prospero,$d<1553-1617>.$0(OLS)http://semarc/name/110903 773 0 $aAlpino, Prospero <1553-1617>$tProsperi Alpini, Marosticensis, philosophi & medici, ... . Medicina Aegyptiorum. Accessit huic editioni ejusdem auctoris liber De balsamo, et rhapontico, ut et Jacobi Bontii Medicina Indorum.$dLugduni Batavorum : Apud Gerardum Potvliet, 1735.$g1$w()339270 850 $aSeMil 852 $aSeMil$W1$xVenegono$y1$m3XA IV 1 FA$j218464$B230384$CSeMilBibl$Z2$F230384 $8I 996 $6245$aPars prima qua continentur Rerum Aegyptiarum libri quatuor opus postumum nunc primum ex auctoris autographo, diligentissime recognito, editum; atque ex eodem Tabellis Aeneis 25. illustratum & uberrimo indice auctum$9(OLS)http://semarc/title/428069 996 $6264$aLugduni Batavorum :$bApud Gerardum Potvliet$9(OLS)http://semarc/publisher/52791 LEADER 01973nam a2200229 i 4500 001 000000230293 003 CaOOAMICUS 005 20221019093320.0 008 140604s1641 it u000 u lat u 013 $a209195 026 $a64it 5.4. emel denu (3) 1641 (R) 040 $aSeMil$bita 100 1 $aSherlock, Paul,$d<1595-1646>.$0(OLS)http://semarc/name/13744 245 10$aCogitationes in Salomonis Canticorum canticum, ex triplici vestigatione: humana, sacra, didactica. Volumen tertium. Auctore r.p. Paulo Sherlogo ... Indicibus obseruatiorum in varias disciplinas regularum sacrae scripturae, concionum aduentus, quadragesimae, multorum festorum, exhortationum spiritualium, aliarumque materiarum locupletatum. 300 $a[52], 612 [i.e. 604], [76] p. 500 $aSegn.: a8(-a8) b4 c6 d8 A-B4 C-3E6, A-E6 F8 (F8 bianca) 500 $aMarca editoriale: Un ippogrifo poggia su un libro chiuso sostenuto dal globo terrestre. In una cornice figurata. Motto: Sic mihi atque aliis. (O915) Sul front. 773 0 $aSherlock, Paul <1595-1646>$tAnteloquia in Salomonis canticorum canticum. Ethica pariter, & historica. Opus, in quo memoranda plurima de vtroque, sacro, & profano, sponso, hactenus, aut indeclarata penitus, aut leui aspersa luce, integro subijciuntur examini. Prodit sex indicibus locupletatum. Auctor P. Paulus Sherlogus, in Societate Iesu theologus, Hybernus Manapiensis.$dVenetiis : Apud Franciscum Baba, 1639-1641.$g3$w()30025 850 $aSeMil 852 $aSeMil$W1$xVenegono$y1$m2V V 36 FA$j180639$B180639$CSeMilBibl$Z2$F191614 $8I 996 $6245$aCogitationes in Salomonis Canticorum canticum, ex triplici vestigatione: humana, sacra, didactica. Volumen tertium. Auctore r.p. Paulo Sherlogo ... Indicibus obseruatiorum in varias disciplinas regularum sacrae scripturae, concionum aduentus, quadragesimae, multorum festorum, exhortationum spiritualium, aliarumque materiarum locupletatum$9(OLS)http://semarc/title/329068